Hero of Hacksaw Ridge : the gripping true story that inspired the movie / Booton Herndon ; postscript by Doug Batchelor.
The extraordinary true story of conscientious objector Desmond T. Doss who saved 75 men in Okinawa, during the bloodiest battle of WWII, without firing a single shot. Believing that the war was just but killing was nevertheless wrong, he was the only American soldier in WWII to fight on the front lines without a weapon. As an army medic Doss single-handedly evacuated the wounded near enemy lines - braving enemy fire and putting his own life on the line. He was the first conscientious objector to ever win the Congressional Medal of Honor.
Record details
- ISBN: 9781629131542
- ISBN: 1629131547
- Physical Description: 126 pages ; 24 cm.
- Publisher: Coldwater, MI : Remnant Publications, Inc., ©2016.
Content descriptions
| General Note: | "The official authorized story of Desmond Doss (abridged version)"--Cover. |
| Formatted Contents Note: | The loneliest soldier -- " ... That ye may be able to bear it" -- Combat! -- One busy Sabbath -- The last patrol -- The greatest honor -- The faith that shaped the man. |
Search for related items by subject
| Genre: | Biographies. |
| LDR | 02250nam a2200397Ii 4500 | ||
|---|---|---|---|
| 001 | 146118 | ||
| 003 | CONS | ||
| 005 | 20180320094615.0 | ||
| 008 | 161128t20162016miu 000 0beng d | ||
| 020 | . | ‡a9781629131542 ‡q(softcover) | |
| 020 | . | ‡a1629131547 ‡q(softcover) | |
| 035 | . | ‡a(CPomAG)LMN604834 | |
| 043 | . | ‡an-us--- | |
| 050 | . | ‡aD810.C82 ‡bH47 2016 | |
| 082 | 1 | 4. | ‡a[E] |
| 100 | 1 | . | ‡aHerndon, Booton, ‡eauthor. |
| 245 | 1 | 0. | ‡aHero of Hacksaw Ridge : ‡bthe gripping true story that inspired the movie / ‡cBooton Herndon ; postscript by Doug Batchelor. |
| 264 | 1. | ‡aColdwater, MI : ‡bRemnant Publications, Inc., ‡c©2016. | |
| 300 | . | ‡a126 pages ; ‡c24 cm. | |
| 336 | . | ‡atext ‡btxt ‡2rdacontent | |
| 337 | . | ‡aunmediated ‡bn ‡2rdamedia | |
| 338 | . | ‡avolume ‡bnc ‡2rdacarrier | |
| 500 | . | ‡a"The official authorized story of Desmond Doss (abridged version)"--Cover. | |
| 505 | 0 | . | ‡aThe loneliest soldier -- " ... That ye may be able to bear it" -- Combat! -- One busy Sabbath -- The last patrol -- The greatest honor -- The faith that shaped the man. |
| 520 | . | ‡aThe extraordinary true story of conscientious objector Desmond T. Doss who saved 75 men in Okinawa, during the bloodiest battle of WWII, without firing a single shot. Believing that the war was just but killing was nevertheless wrong, he was the only American soldier in WWII to fight on the front lines without a weapon. As an army medic Doss single-handedly evacuated the wounded near enemy lines - braving enemy fire and putting his own life on the line. He was the first conscientious objector to ever win the Congressional Medal of Honor. | |
| 600 | 1 | 0. | ‡aDoss, Desmond, ‡d1919-2006. |
| 610 | 1 | 0. | ‡aUnited States. ‡bArmy ‡xMedical personnel ‡vBiography. |
| 610 | 1 | 0. | ‡aUnited States. ‡bArmy ‡xSanitary affairs. |
| 650 | 0. | ‡aWorld War, 1939-1945 ‡xConscientious objectors ‡zUnited States ‡vBiography. | |
| 650 | 0. | ‡aWorld War, 1939-1945 ‡xMedical care ‡zUnited States. | |
| 650 | 0. | ‡aMedal of Honor. | |
| 655 | 7. | ‡aBiographies. ‡2lcgft | |
| 700 | 1 | . | ‡aBatchelor, Doug, ‡d1957- ‡eAuthor of afterword, colophon, etc. |
| 914 | . | ‡aSCP_kt | |
| 959 | . | ‡i32269001049900 ‡l940.547 Her ‡aAdult - Nonfiction ‡tNonFiction ‡g11.00 | |
| 852 | . | ‡p32269001049900 ‡j940.547 Her ‡gAdult - Nonfiction ‡cNonFiction ‡y11.00 ‡bSBPL | |
| 901 | . | ‡a146118 ‡bUnknown ‡c146118 ‡tbiblio | |